000
00281nam a22001337a 4500
020
_a
81-286-0839-8
082
_a
823
_b
MCG/B
100
_a
McGUIRE, LIZZIE
245
_a
BROKEN HEARTS
260
_a
MUMBAI
_b
EURO BOOKS
_c
2007
300
_a
138
650
_a
NOVEL
_z
INDIA
942
_c
BK
999
_c
2503
_d
2503